<?xml version="1.0" encoding="UTF-8"?>
<record
    xmlns:xsi="http://www.w3.org/2001/XMLSchema-instance"
    xsi:schemaLocation="http://www.loc.gov/MARC21/slim http://www.loc.gov/standards/marcxml/schema/MARC21slim.xsd"
    xmlns="http://www.loc.gov/MARC21/slim">

  <leader>00500nam a2200205Ia 4500</leader>
  <controlfield tag="003">OSt</controlfield>
  <controlfield tag="005">20230105151436.0</controlfield>
  <controlfield tag="008">210210b1975   xxu||||| |||| 00| 0 eng d</controlfield>
  <datafield tag="020" ind1=" " ind2=" ">
    <subfield code="a">0 7069 0372 2</subfield>
  </datafield>
  <datafield tag="040" ind1=" " ind2=" ">
    <subfield code="c">AL</subfield>
  </datafield>
  <datafield tag="082" ind1=" " ind2=" ">
    <subfield code="a">303.4 KUPS</subfield>
  </datafield>
  <datafield tag="100" ind1=" " ind2=" ">
    <subfield code="a">KUPPUSWAMY (B).</subfield>
    <subfield code="9">68604</subfield>
  </datafield>
  <datafield tag="245" ind1=" " ind2=" ">
    <subfield code="a">Social change in India. Ed 2.</subfield>
  </datafield>
  <datafield tag="250" ind1=" " ind2=" ">
    <subfield code="a">2</subfield>
  </datafield>
  <datafield tag="260" ind1=" " ind2=" ">
    <subfield code="a">Delhi.</subfield>
    <subfield code="b">Vikas Publishing House Pvt Ltd.,</subfield>
    <subfield code="c">1975</subfield>
  </datafield>
  <datafield tag="300" ind1=" " ind2=" ">
    <subfield code="a">x,439</subfield>
  </datafield>
  <datafield tag="690" ind1=" " ind2=" ">
    <subfield code="a">Social Change</subfield>
    <subfield code="9">68605</subfield>
  </datafield>
  <datafield tag="906" ind1=" " ind2=" ">
    <subfield code="a">031878</subfield>
  </datafield>
  <datafield tag="942" ind1=" " ind2=" ">
    <subfield code="2">ddc</subfield>
    <subfield code="c">BK</subfield>
  </datafield>
  <datafield tag="999" ind1=" " ind2=" ">
    <subfield code="c">82993</subfield>
    <subfield code="d">82993</subfield>
  </datafield>
  <datafield tag="952" ind1=" " ind2=" ">
    <subfield code="0">0</subfield>
    <subfield code="1">0</subfield>
    <subfield code="2">ddc</subfield>
    <subfield code="4">0</subfield>
    <subfield code="7">0</subfield>
    <subfield code="8">SOC</subfield>
    <subfield code="a">AL</subfield>
    <subfield code="b">AL</subfield>
    <subfield code="c">SSS</subfield>
    <subfield code="d">2021-02-17</subfield>
    <subfield code="g">30.00</subfield>
    <subfield code="l">0</subfield>
    <subfield code="o">303.4 KUPS</subfield>
    <subfield code="p">031878</subfield>
    <subfield code="r">2021-02-17 00:00:00</subfield>
    <subfield code="w">2021-02-17</subfield>
    <subfield code="y">BK</subfield>
  </datafield>
  <datafield tag="952" ind1=" " ind2=" ">
    <subfield code="0">0</subfield>
    <subfield code="1">0</subfield>
    <subfield code="2">ddc</subfield>
    <subfield code="4">0</subfield>
    <subfield code="7">0</subfield>
    <subfield code="8">SOC</subfield>
    <subfield code="a">AL</subfield>
    <subfield code="b">AL</subfield>
    <subfield code="d">2014-12-16</subfield>
    <subfield code="l">0</subfield>
    <subfield code="o">303.4 KUPS</subfield>
    <subfield code="p">D05643</subfield>
    <subfield code="r">2023-01-05 00:00:00</subfield>
    <subfield code="w">2023-01-05</subfield>
    <subfield code="y">DB</subfield>
    <subfield code="z">Donated by V. T. Rajshekar</subfield>
  </datafield>
</record>
